Alle Borussia Dortmund Spieler der Saison 2024/2025 - Statistiken

Allgemein
  • Dieses Quiz wurde 128 mal gespielt
  • Das Durchschnittsergebnis liegt bei 18 aus 25
Antwortstatistiken
Nationalität Position Spieler % Korrekt
Schweiz Torwart Gregor Kobel
100%
Deutschland Innenverteidiger Nico Schlotterbeck
98%
Deutschland Offensives Mittelfeld Julian Brandt
94%
Guinea Mittelstürmer Serhou Guirassy
94%
USA Offensives Mittelfeld Giovanni Reyna
93%
Algerien Linker Verteidiger Ramy Bensebaini
92%
Österreich Zentrales Mittelfeld Marcel Sabitzer
91%
Deutschland Innenverteidiger Niklas Süle
90%
Brasilien Rechter Verteidiger Yan Couto
90%
Deutschland Defensives Mittelfeld Emre Can
88%
Deutschland Innenverteidiger Waldemar Anton
88%
Niederlande Rechtsaußen Donyell Malen
82%
Deutschland Zentrales Mittelfeld Felix Nmecha
80%
England Linksaußen Jamie Gittens
80%
Deutschland Mittelstürmer Maximilian Beier
76%
Deutschland Torwart Alexander Meyer
75%
Norwegen Rechter Verteidiger Julian Ryerson
74%
Belgien Linksaußen Julien Duranville
73%
Deutschland/Nigeria Linksaußen Karim Adeyemi
63%
Deutschland/Polen Torwart Marcel Lotka
60%
Deutschland Zentrales Mittelfeld Pascal Gross
59%
USA Rechtsaußen Cole Campbell
36%
Deutschland Linker Verteidiger Almugera Kabar
33%
Deutschland Zentrales Mittelfeld Kjell Wätjen
26%
Deutschland/Polen Torwart Silas Ostrzinski
6%
Keine übereinstimmenden Quizze gefunden
Verteilung der Resultate
Anzahl Personen mit jedem Resultat
Perzentil nach korrekt beantworteten Fragen
Ihre Resultats-Entwicklung
Sie haben dieses Quiz noch nicht gespielt